Qualitative inquiry in education : the continuing debate

Αποθηκεύτηκε σε:
Λεπτομέρειες βιβλιογραφικής εγγραφής
Άλλοι συγγραφείς: Eisner, Elliot W. (Επιμελητής έκδοσης), Peshkin, Alan (Επιμελητής έκδοσης)
Μορφή: Βιβλίο
Γλώσσα:English
Δημοσίευση: New York : Teachers College Press, 1990
Θέματα:
Ετικέτες: Προσθήκη ετικέτας
Δεν υπάρχουν, Καταχωρήστε ετικέτα πρώτοι!

MARC

LEADER 00000nam a2200000 i 4500
001 1/97027
008 991216s1990 eng d
020 |a 0-8077-3016-5 
035 |l 10055982 
040 |a GR-MY-UA  |b gre  |e aacr 
041 0 |a eng 
082 0 |a 370.78 
245 1 0 |a Qualitative inquiry in education :  |b the continuing debate /  |c edited by Elliot W. Eisner, Alan Peshkin 
260 |a New York :   |b Teachers College Press,   |c 1990 
300 |a 387 p. 
650 0 0 |a Education  |x Research. 
700 1 |a Eisner, Elliot W.  |4 edt 
700 1 |a Peshkin, Alan.  |4 edt 
852 |a INST  |b RHODES  |e 19991216  |h 370.78 QUA  |p 005400012084  |q 005400012084  |t BK  |y 0 
901 |a BIBL4-2000-1 
909 |a Ρ  |b 068571 
922 |a 4ΕΛΗ  |b 199909  |c ΚΠΣ/154  |d GLORY BOOKS 
970 |a ΚΟΥΛΑΚΙΟΤΗ  |b ΛΙΤΣΑ  |z 2000/01/14